Termite colony marches on (Record no. 54497)

MARC details
000 -LEADER
fixed length control field 00750cab a2200217 4500
001 - CONTROL NUMBER
control field WB3421-08
008 - FIXED-LENGTH DATA ELEMENTS--GENERAL INFORMATION
fixed length control field 090401t xxu||||| |||| 00| 0 eng d
035 ## - SYSTEM CONTROL NUMBER
System control number (Sirsi) u86568
041 ## - LANGUAGE CODE
Language code of text/sound track or separate title eng
245 ## - TITLE STATEMENT
Title Termite colony marches on
260 ## - PUBLICATION, DISTRIBUTION, ETC.
Date of publication, distribution, etc. (421) 2 June 1998(4)
350 ## - PRICE (NR) (BK AM CF MU VM SE) [OBSOLETE]
Price 0
490 ## - SERIES STATEMENT
Series statement Guardian
Volume/sequential designation 3 June 1998, 4
490 ## - SERIES STATEMENT
Series statement Times
Volume/sequential designation 3 June 1998, 8
490 ## - SERIES STATEMENT
Series statement DETR News Release
Volume/sequential designation (421) 2 June 1998(4)
520 ## - SUMMARY, ETC.
Summary, etc. Pest control experts will begin attempts next week to eradicate a colony of more than a million house-eating termites in the north Devon coast which has already eaten its way through a £200,000 house.
650 ## - SUBJECT ADDED ENTRY--TOPICAL TERM
Topical term or geographic name entry element TERMITES
690 ## - LOCAL SUBJECT ADDED ENTRY--TOPICAL TERM (OCLC, RLIN)
Topical term or geographic name as entry element BUILT ENVIRONMENT-BUILDING PATHOLOGY
942 ## - ADDED ENTRY ELEMENTS (KOHA)
Suppress in OPAC 0
948 ## - LOCAL PROCESSING INFORMATION (OCLC); SERIES PART DESIGNATOR (RLIN)
c (OCLC) 03/06/1998
Holdings
Withdrawn status Lost status Source of classification or shelving scheme Damaged status Not for loan Home library Current library Shelving location Date acquired Total Checkouts Full call number Barcode Date last seen Copy number Price effective from Koha item type
    Dewey Decimal Classification     London London News article 14/09/1999   WB3421-08 86568-1001 06/08/2019 1 06/08/2019 News article